Statystyki dla 10 Najwartościowszych Belgów

Kliknij tutaj aby rozwiązać quiz!

Ogólne statystyki

  • Ten quiz został rozwiązany 124 razy
  • Średni wynik to 6 z 10

Statystyki odpowiedzi

WartośćPiłkarz% Poprawnych
80 mlnHazard
94%
32 mlnHazard
94%
120 mlnDe Bruyne
93%
68 mlnLukaku
91%
48 mlnCourtois
73%
24 mlnMeunier
38%
22,5 mlnCarrasco
37%
44 mlnTielemans
37%
24 mlnAlderweireld
35%
22,5 mlnDendoncker
8%

Rozkład punktacji

Percentyl według liczby udzielonych odpowiedzi

Procent ludzi z każdym wynikiem

Twoja historia wyników

Nie rozwiązałeś tego quizu